En torno a las ideas de la CEPAL: desarrollo, industrialización y comercio exterior
Gorde:
| Egile korporatiboa: | , |
|---|---|
| Formatua: | Liburua |
| Hizkuntza: | gaztelania |
| Argitaratua: |
Santiago
CEPAL
1977
|
| Saila: | Cuadernos de la CEPAL
|
| Gaiak: | |
| Etiketak: |
Etiketa erantsi
Etiketarik gabe, Izan zaitez lehena erregistro honi etiketa jartzen!
|
MARC
| LEADER | 00000nam a2200000 a 4500 | ||
|---|---|---|---|
| 001 | UCR9734 | ||
| 003 | CL-VaPUC | ||
| 008 | 980613e19770000CL |||||||||||||||||spa|d | ||
| 082 | 0 | 4 | |a 338.98 |b CEP |2 21 |
| 110 | 2 | |a CEPAL |e author |9 412581 | |
| 710 | 2 | |a Comisión Económica para América Latina |e author |9 412582 | |
| 245 | 1 | 0 | |a En torno a las ideas de la CEPAL: desarrollo, industrialización y comercio exterior |
| 300 | |a 54 p | ||
| 942 | |c BK | ||
| 945 | |d 19980613 00:00:00 |a crobeson | ||
| 260 | |a Santiago |b CEPAL |c 1977 | ||
| 650 | 0 | |a Desarrollo económico y social |9 256320 | |
| 650 | 0 | |a Industrialización |9 263687 | |
| 650 | 0 | |a Desarrollo industrial |9 322675 | |
| 650 | 7 | |a COMERCIO INTERNACIONAL |2 CL-VaPUC |9 412583 | |
| 651 | 0 | |a América Latina |9 255027 | |
| 583 | |a last modification |c 19980613 00:00:00 |k Rodrigo Vera | ||
| 490 | 0 | |a Cuadernos de la CEPAL | |
| 999 | |c 270911 |d 270909 | ||
| 952 | |0 0 |1 0 |4 0 |6 338_980000000000000_CEP_1977 |7 0 |8 A |9 305367 |a BIBENE |b BIBENE |d 2019-11-20 |i 1418416 |o 338.98 CEP 1977 |p 1418416 |r 2025-01-15 |w 2019-11-20 |y BK |k ICO | ||